Statistics for Top 10 most important and famous people from New Hampshire, Vermont,ME

Click here to take the quiz!

General Stats

  • This quiz has been taken 26 times
  • The average score is 4 of 10

Answer Stats

HintAnswer% Correct
Writer, author of IT and The ShiningStephen King
94%
Founder of MormonismJoseph Smith Jr.
67%
Writer, author of The Da Vinci Code and Angels & DemonsDan Brown
56%
Founders of the most famous fast foodDick and Mac McDonald
56%
President from 1923 to 1929Calvin Coolidge
44%
Heavy metal singer. He fronted and founded numerous bands throughout his career, including Rainbow and Black SabbathRonnie James Dio
39%
One of the greatest professional wrestlers of all time, he currently serves as the chief content officer for WWETriple H
28%
President from 1881 to 1885Chester A. Arthur
22%
Director of Stagecoach and The SearchersJohn Ford
11%
Philosopher, key figure in education and social reform. He was one of the most prominent American scholars in the first half of XX centuryJohn Dewey
6%

Score Distribution

Percentile by Number Answered

Percent of People with Each Score

Your Score History

You have not taken this quiz